000 00963cam a2200325 a 4500
001 22463
003 SK-KTurca
005 20260328130352.0
008 240318s1994 xo e 0000f slo
015 _aSNBA1995/05
020 _a8088733197
020 _a8088733189
_q(sub.)
035 _aSNK000021535
040 _aSNK
_bslo
_cSNK
_eAACR2
041 1 _aslo
_heng
044 _axo
_cSK
080 _a820 (94)-3
_21981
100 1 _aMartyn, Norma,
_d1921-2004
_4aut
240 1 4 _aThe Dreamtime Legacy
_lSlovensky
245 1 0 _aČas snívania
_n1. diel
_cNorma Martynová ; preložil Alojz Keníž
260 _aBratislava
_bAktuell
_c1994
300 _a285 s.
_c21 cm
500 _aPreložené z angličtiny
655 7 _aaustrálske romány
_2SNKPH
655 7 _apsychologické romány
_2SNKPH
700 1 _aKeníž, Alojz,
_d1952-
_4trl
942 _2ddc
_cKLDO
_n0
999 _c22463
_d22463